| 000 | 00618nam a22001577a 4500 | ||
|---|---|---|---|
| 003 | OSt | ||
| 005 | 20150917105425.0 | ||
| 008 | 150917b xxu||||| |||| 00| 0 eng d | ||
| 040 | _cRUA | ||
| 082 | _aAGR SOY 2002 B023 Or.1 | ||
| 100 |
_9654 _aSOY, SOKHENG. |
||
| 245 | _aDisease on orange crop and measure to control in battambang province ជំងឺរាតត្បាតលើដំណាំក្រូចពោធិសាត់និងវិធានការកំចាត់នៅខេត្តបាត់ដំបង | ||
| 260 |
_aPhnom Penh _bRUA _c2002 |
||
| 300 |
_a44p. _bill. _c29cm. |
||
| 942 |
_2ddc _cAGR |
||
| 999 |
_c632 _d632 |
||